| 000 | 00712nam a2200253Ia 4500 | ||
|---|---|---|---|
| 003 | OSt | ||
| 005 | 20221007103534.0 | ||
| 006 | a|||||r|||| 00| 0 | ||
| 007 | ta | ||
| 008 | 221006b |||||||| |||| 00| 0 eng d | ||
| 024 | _a13,458 | ||
| 037 | _cTextual | ||
| 040 |
_aLCO _cLCO _beng |
||
| 041 |
_2eng _aeng |
||
| 082 | _aZ73,8,1Oj5, K9 | ||
| 100 | _aWatson Richard A. | ||
| 245 | 0 | _aPolitics of the Bench and the Bar | |
| 260 |
_aNew _bYork John Wiley & Sons U.S.A. _c1969 |
||
| 300 | _a393 | ||
| 650 |
_aPolitics of the Bench _9705205 |
||
| 700 |
_a Downing Ronald G _9705206 |
||
| 942 |
_hZ73,8,1Oj5, K9 _cTEXL |
||
| 999 |
_c1183021 _d1183021 |
||